000 00599nam a2200217Ia 4500
005 20250508162709.0
008 008 250505s9999 xx 000 0 eng d
037 _aTextBook
040 _aFEDL
_beng
_cFEDL
041 _aeng
_2eng
084 _a371.2, SAF
_qFEDL
100 _aSafaya Raghu Nath
_9760935
245 0 _aSchool administration and organisation
250 _a12
260 _aJalandhar, India
_bDhanpat Rai and Company
_c1988
300 _a500p
365 _aINR
_b33.75
650 _aSchool Administration
942 _cTB
_h371.2, SAF
999 _c1378119
_d1378119